000 01597nam0a2200373 4500
001 RU\NLR\bibl\217992
005 20250619103218.0
010 _a5-09-002428-6
_91000
021 _aRU
_b2001-17722
_9821
035 _a(NLR Aleph) 000214078
090 _a1243183
_c1243183
100 _a20020110d2000 |||y0rusy50 ca
101 0 _arus
102 _aRU
105 _ay |||||||||
200 1 _aСловарь мансийско-русский и русско-мансийский
_eОк. 4 000 слов
_eПособие для учащихся нач. шк.
_fЕ.И. Ромбандеева, Е.А. Кузакова
205 _a2-е изд., перераб.
210 _aСПб.
_cОтд-е изд-ва "Просвещение"
_d2000
215 _a253,[2] c.
_d21
225 1 _aЯзыки народов Севера, Сибири и Дальнего Востока
300 _aНа обл. авт. не указаны
606 0 _aМансийский язык
_xСловари
_xРусский язык
_91589891
_3RU\NLR\auth\66698658
606 0 _aРусский язык
_xСловари
_xМансийский язык
_91589882
_3RU\NLR\auth\66698653
686 _aШ166.511-491перев
686 _aШ141.12-491перев
700 1 _aРомбандеева
_bЕ. И.
_gЕвдокия Ивановна
_4070
701 1 _aКузакова
_bЕ. А.
_gЕвдокия Александровна
_4070
801 0 _aRU
_bNLR
_c20020110
_gPSBO
801 1 _aRU
_bNLR
_c20020110
852 _aNLR
_bОНЛ
_jМанс./3-102
942 _cBOOK
980 _aNB